[Event "POL-chT 2nd League"]
[Site "Wysowa"]
[Date "2003.09.13"]
[Round "10"]
[White "Zielinska, Jolanta"]
[Black "Toma, Katarzyna"]
[Result "1/2-1/2"]
[WhiteElo "2164"]
[BlackElo "2210"]
[PlyCount "106"]
[EventDate "2003.09.06"]
[EventType "team-swiss"]
[EventRounds "11"]
[EventCountry "POL"]
[SourceTitle "CBM 096 Extra"]
[Source "ChessBase"]
[SourceDate "2003.10.22"]
[SourceVersion "2"]
[SourceVersionDate "2003.10.20"]
[SourceQuality "1"]
[WhiteTeam "Rolnik Roza"]
[BlackTeam "Czestochowa Hetman"]
[WhiteTeamCountry "POL"]
[BlackTeamCountry "POL"]

1. c4 Nf6 2. Nc3 d5 3. cxd5 Nxd5 4. Nf3 g6 5. Qa4+ Bd7 6. Qh4 Nxc3 7. dxc3 Nc6 8. e4 e5 9. Bg5 Be7 10. Bc4 h6 11. Bxe7 Qxe7 12. Qg3 0-0-0 13. Bd5 g5 14. 0-0-0 f6 15. h4 Qc5 16. Nh2 Kb8 17. Rd2 Ne7 18. Rhd1 Bc8 19. Bb3 Rxd2 20. Rxd2 a5 21. Ng4 Qc6 22. Qf3 a4 23. Bd1 Bxg4 24. Qxg4 a3 25. h5 axb2+ 26. Kxb2 Nc8 27. Bb3 Nd6 28. f3 Nb5 29. Rd3 Qa6 30. Qd7 Nd6 31. Kc2 Nc4 32. Qg7 Na3+ 33. Kb2 Rc8 34. Rd2 Nc4+ 35. Bxc4 Qxc4 36. Qxf6 Qb5+ 37. Kc1 Qf1+ 38. Kc2 Qc4 39. Qxh6 Qxa2+ 40. Kd1 Qb3+ 41. Ke2 Qc4+ 42. Kf2 Qc5+ 43. Kf1 Qc4+ 44. Kg1 g4 45. Qe3 gxf3 46. gxf3 Rh8 47. h6 Qa6 48. Rd7 Rg8+ 49. Kf2 Qa2+ 50. Rd2 Qf7 51. Rd5 Qg6 52. Ke2 Qa6+ 53. Qd3 Qxh6 1/2-1/2

[Event "Golden Rook op (Women)"]
[Site "Chotowa"]
[Date "2003.05.13"]
[Round "8"]
[White "Zielinska, Jolanta"]
[Black "Ruszkowska, Joanna"]
[Result "1-0"]
[WhiteElo "2162"]
[BlackElo "1600"]
[PlyCount "43"]
[EventDate "2003.05.??"]
[EventType "swiss"]
[EventRounds "9"]
[EventCountry "POL"]
[SourceTitle "EXT 2005"]
[Source "ChessBase"]
[SourceDate "2004.11.15"]
[SourceVersion "1"]
[SourceVersionDate "2004.11.15"]
[SourceQuality "1"]

1. c4 e5 2. Nc3 Nf6 3. g3 c6 4. Bg2 d5 5. cxd5 cxd5 6. Nf3 Nc6 7. 0-0 g6 8. d4 e4 9. Ne5 Bg7 10. Qa4 Qb6 11. Nxc6 bxc6 12. Bg5 0-0 13. Rfc1 Bd7 14. e3 Rac8 15. Bxf6 Bxf6 16. Nxd5 cxd5 17. Qxd7 Rxc1+ 18. Rxc1 Rd8 19. Qc7 Qxb2 20. Rc6 Kg7 21. Rxf6 Kxf6 22. Qe5# 1-0

[Event "Golden Rook op (Women)"]
[Site "Chotowa"]
[Date "2003.05.12"]
[Round "7"]
[White "Pokojska, Daria"]
[Black "Zielinska, Jolanta"]
[Result "1-0"]
[WhiteElo "2127"]
[BlackElo "2162"]
[PlyCount "89"]
[EventDate "2003.05.??"]
[EventType "swiss"]
[EventRounds "9"]
[EventCountry "POL"]
[SourceTitle "EXT 2005"]
[Source "ChessBase"]
[SourceDate "2004.11.15"]
[SourceVersion "1"]
[SourceVersionDate "2004.11.15"]
[SourceQuality "1"]

1. c4 Nf6 2. g3 g6 3. Bg2 Bg7 4. Nc3 0-0 5. e3 c6 6. d4 d5 7. b3 dxc4 8. bxc4 c5 9. Nge2 Nc6 10. 0-0 cxd4 11. exd4 Bf5 12. a3 Rc8 13. h3 Na5 14. g4 Be6 15. d5 Bd7 16. c5 Rxc5 17. Be3 Rc8 18. Bd4 b6 19. f4 h5 20. g5 Ne8 21. Rc1 Rc4 22. Ne4 Qc8 23. Kh2 Bb5 24. Bxg7 Rxc1 25. Qxc1 Nxg7 26. N4c3 Bxe2 27. Nxe2 Nf5 28. Be4 Qd7 29. Qb1 Rc8 30. Bxf5 Qxf5 31. Qxf5 gxf5 32. Nd4 Rc3 33. Nxf5 e6 34. Nh6+ Kf8 35. dxe6 fxe6 36. f5 exf5 37. Rxf5+ Kg7 38. Rf7+ Kg6 39. h4 Rxa3 40. Rf6+ Kh7 41. Nf5 Ra2+ 42. Kg3 Nc4 43. g6+ Kg8 44. Ne7+ Kg7 45. Rf7+ 1-0

[Event "POL-ch (Women)"]
[Site "Sopot"]
[Date "1998.??.??"]
[Round "?"]
[White "Dworakowska, Joanna"]
[Black "Zielinska, Jolanta"]
[Result "1/2-1/2"]
[WhiteElo "2355"]
[BlackElo "2160"]
[PlyCount "43"]
[EventDate "1998.??.??"]
[EventType "tourn"]
[EventRounds "13"]
[EventCountry "POL"]
[SourceTitle "EXT 2000"]
[Source "ChessBase"]
[SourceDate "1999.11.16"]
[SourceVersion "1"]
[SourceVersionDate "1999.11.16"]
[SourceQuality "1"]

1. e4 e5 2. Nf3 Nf6 3. Nxe5 d6 4. Nf3 Nxe4 5. c4 Be7 6. d4 0-0 7. Nc3 Nxc3 8. bxc3 Bg4 9. Be2 Nd7 10. 0-0 Nf6 11. Rb1 Qc8 12. Be3 Ne4 13. Qc2 f5 14. Rb3 b6 15. Ne1 Bxe2 16. Qxe2 Qe8 17. Nd3 Qf7 18. f3 Nf6 19. c5 Nd5 20. cxd6 Bxd6 21. f4 a5 22. Bd2 1/2-1/2

[Event "POL-ch (Women)"]
[Site "Sopot"]
[Date "1998.??.??"]
[Round "?"]
[White "Zawadzka, Magdalena"]
[Black "Zielinska, Jolanta"]
[Result "1-0"]
[WhiteElo "2050"]
[BlackElo "2160"]
[PlyCount "123"]
[EventDate "1998.??.??"]
[EventType "tourn"]
[EventRounds "13"]
[EventCountry "POL"]
[SourceTitle "EXT 2000"]
[Source "ChessBase"]
[SourceDate "1999.11.16"]
[SourceVersion "1"]
[SourceVersionDate "1999.11.16"]
[SourceQuality "1"]

1. e4 e5 2. Bc4 Nf6 3. d3 Bc5 4. Nf3 d6 5. 0-0 0-0 6. c3 Bg4 7. Nbd2 c6 8. h3 Bh5 9. Re1 Nbd7 10. Nf1 d5 11. Bb3 dxe4 12. dxe4 Qb6 13. Qe2 Nxe4 14. Qxe4 Bxf2+ 15. Kh1 Nf6 16. Qc2 e4 17. N3h2 Bxe1 18. Be3 Qc7 19. Rxe1 Rad8 20. Qf2 b6 21. Ng3 Bg6 22. Bg5 Rd3 23. Bf4 Qd7 24. Bc2 Rd5 25. Nhf1 Rd8 26. c4 Rd4 27. b3 c5 28. Ne2 Bh5 29. Nfg3 Bxe2 30. Nxe2 Qf5 31. g4 e3 32. Bxe3 Qxf2 33. Bxf2 Rd2 34. Bd1 Ne4 35. Be3 Rxa2 36. Kg1 Nf6 37. Nc3 Ra1 38. Kf2 a6 39. g5 Nd7 40. Nd5 Ne5 41. Be2 Ra2 42. Kg3 Nc6 43. Bd1 Ra1 44. Kf2 Ne5 45. Be2 Ra2 46. Kg3 Rb2 47. Bd1 Nd7 48. Re2 Rb1 49. Bc2 Ra1 50. Bf5 Nf8 51. Nxb6 Ra3 52. Bc2 Ra2 53. Kf3 Ne6 54. Bxh7+ Kxh7 55. Rxa2 Rb8 56. Nd5 Rxb3 57. Ke4 Rb1 58. Kf3 Rb3 59. h4 Nd4+ 60. Ke4 Ne6 61. Rxa6 Rb2 62. h5 1-0

[Event "POL-chT 2nd League South"]
[Site "Wisla"]
[Date "1998.??.??"]
[Round "?"]
[White "Zielinska, Jolanta"]
[Black "Rusak, Dorota"]
[Result "1/2-1/2"]
[WhiteElo "2150"]
[BlackElo "2065"]
[PlyCount "88"]
[EventDate "1998.11.20"]
[EventType "team-swiss"]
[EventRounds "10"]
[EventCountry "POL"]
[SourceTitle "EXT 2000"]
[Source "ChessBase"]
[SourceDate "1999.11.16"]
[SourceVersion "1"]
[SourceVersionDate "1999.11.16"]
[SourceQuality "1"]

1. c4 e5 2. Nc3 Nc6 3. g3 Nf6 4. Bg2 Be7 5. d3 0-0 6. Nf3 d5 7. cxd5 Nxd5 8. 0-0 Nb6 9. Bd2 Be6 10. Rc1 f5 11. a3 Bf6 12. b4 a6 13. Qc2 Rc8 14. Rb1 Qe7 15. Rfc1 Rfd8 16. Kf1 Nd4 17. Nxd4 exd4 18. Na4 Nxa4 19. Qxa4 Bd5 20. Bxd5+ Rxd5 21. Qb3 c6 22. Qxd5+ cxd5 23. Rxc8+ Kf7 24. Rbc1 Be5 25. a4 Qd7 26. a5 f4 27. Kg2 fxg3 28. fxg3 Qg4 29. Rf1+ Ke7 30. Rcf8 Bf6 31. Rb8 Qxe2+ 32. Rf2 Qxd3 33. Rxb7+ Kd8 34. Bf4 Qe4+ 35. Kh3 h5 36. Rb8+ Kd7 37. Rb7+ Kd8 38. Rb8+ Kd7 39. Rb7+ Kd8 40. b5 axb5 41. Rxb5 g5 42. Rb8+ Kd7 43. Rb7+ Kc8 44. Rb8+ Kd7 1/2-1/2

[Event "POL-ch (Women)"]
[Site "Sopot"]
[Date "1998.??.??"]
[Round "?"]
[White "Zielinska, Jolanta"]
[Black "Socko, Monika"]
[Result "1-0"]
[WhiteElo "2160"]
[BlackElo "2320"]
[PlyCount "107"]
[EventDate "1998.??.??"]
[EventType "tourn"]
[EventRounds "13"]
[EventCountry "POL"]
[SourceTitle "EXT 2000"]
[Source "ChessBase"]
[SourceDate "1999.11.16"]
[SourceVersion "1"]
[SourceVersionDate "1999.11.16"]
[SourceQuality "1"]

1. c4 e5 2. Nc3 Nc6 3. g3 d6 4. Bg2 Be6 5. d3 Qd7 6. e4 g6 7. Be3 Bg7 8. Qd2 h6 9. f4 exf4 10. gxf4 f5 11. 0-0-0 Nge7 12. b3 Nb4 13. d4 fxe4 14. a3 Na6 15. Bxe4 d5 16. cxd5 Bf5 17. Qd3 0-0 18. Nf3 Bxe4 19. Qxe4 c6 20. dxc6 bxc6 21. Ne5 Qe6 22. Nc4 Qf7 23. Rhg1 Nd5 24. Bd2 Ne7 25. Rde1 Nf5 26. Qxc6 Nxd4 27. Qxa6 Nxb3+ 28. Kd1 Nxd2 29. Nxd2 Rad8 30. Qxg6 Qb3+ 31. Qc2 Qb7 32. Re3 Kh8 33. Reg3 Rf7 34. Kc1 Qe7 35. Nc4 Rc8 36. Ne5 Qxa3+ 37. Qb2 Qxb2+ 38. Kxb2 Rb7+ 39. Kc2 Rc5 40. Re1 Rbc7 41. Rd3 Kh7 42. Kd2 a5 43. Nd5 Rb7 44. Ke3 a4 45. Ke4 Rc2 46. h3 Rc8 47. Ra1 Ra8 48. Rda3 Rd8 49. Rxa4 Rb5 50. Rd4 Rb2 51. Ra7 Rf8 52. Rd3 Re2+ 53. Re3 Rxe3+ 54. Nxe3 1-0

[Event "POL-chT 51st"]
[Site "Lubniewice"]
[Date "1995.09.??"]
[Round "4"]
[White "Zielinska, Jolanta"]
[Black "Guzkowska, Magdalena"]
[Result "0-1"]
[WhiteElo "2165"]
[BlackElo "2195"]
[PlyCount "54"]
[EventDate "1995.09.14"]
[EventType "team-tourn"]
[EventRounds "11"]
[EventCountry "POL"]
[SourceTitle "EXT 2019"]
[Source "ChessBase"]
[SourceDate "2018.10.10"]
[SourceVersion "1"]
[SourceVersionDate "2018.10.10"]
[SourceQuality "1"]
[WhiteTeam "Suwalki Hancza"]
[BlackTeam "Wroclaw Hetman"]
[WhiteTeamCountry "POL"]
[BlackTeamCountry "POL"]

1. c4 g6 2. g3 Bg7 3. Bg2 c5 4. Nc3 Nc6 5. e4 d6 6. Nge2 e6 7. 0-0 Nge7 8. d3 0-0 9. Be3 a6 10. f4 Nd4 11. g4 Rb8 12. Ng3 f5 13. Rb1 b5 14. gxf5 exf5 15. Kh1 fxe4 16. Ncxe4 Nef5 17. Bd2 Nh4 18. b3 Nxg2 19. Kxg2 Qh4 20. Nf2 h5 21. Be3 Nf5 22. Nxf5 gxf5 23. Nh1 Bb7+ 24. Kg1 Qh3 25. Qd2 Rbe8 26. Rbe1 Rf6 27. Ng3 Rg6 0-1

[Event "POL-ch (Women)"]
[Site "Warsaw"]
[Date "1995.??.??"]
[Round "5"]
[White "Gazik, Renata"]
[Black "Zielinska, Jolanta"]
[Result "1/2-1/2"]
[WhiteElo "2160"]
[BlackElo "2175"]
[PlyCount "142"]
[EventDate "1995.??.??"]
[EventType "tourn"]
[EventRounds "13"]
[EventCountry "POL"]
[SourceTitle "EXT 1999"]
[Source "ChessBase"]
[SourceDate "1998.11.16"]
[SourceVersion "1"]
[SourceVersionDate "1998.11.16"]
[SourceQuality "1"]

1. d4 Nf6 2. Nf3 g6 3. Bg5 Bg7 4. Nbd2 d5 5. e3 0-0 6. Bd3 Nbd7 7. 0-0 c5 8. c3 b6 9. Qb1 Bb7 10. b4 c4 11. Bc2 b5 12. a4 a6 13. e4 dxe4 14. Nxe4 Nd5 15. Qe1 h6 16. Bh4 Qe8 17. h3 f5 18. Nc5 Nxc5 19. bxc5 e6 20. Bg3 Qc6 21. Bd6 Rfe8 22. Be5 Nf6 23. Qe2 Nd7 24. Bxg7 Kxg7 25. Rfd1 Rad8 26. axb5 axb5 27. Ra7 Qd5 28. Rb1 e5 29. Qf1 exd4 30. cxd4 Ra8 31. Rxa8 Rxa8 32. Rxb5 g5 33. Bxf5 Bc6 34. Bxd7 Bxd7 35. Rb4 c3 36. Ne5 Bf5 37. c6 c2 38. g4 Be4 39. f3 Bxf3 40. Rb7+ Kg8 41. Nxf3 Qxf3 42. Qxf3 c1Q+ 43. Qf1 Qe3+ 44. Qf2 Qc1+ 45. Kh2 Rf8 46. Qa2+ Kh8 47. Rf7 Rxf7 48. Qxf7 Qc2+ 49. Kg3 Qxc6 50. Qf8+ Kh7 51. Qc5 Qh1 52. Qe7+ Kg6 53. Qe6+ Kg7 54. Qe3 Qd1 55. Qe5+ Kg6 56. Qf5+ Kg7 57. d5 Qg1+ 58. Kf3 Qh1+ 59. Ke3 Qxh3+ 60. Kd4 Qa3 61. Qd7+ Kg6 62. Qe6+ Kg7 63. d6 Qb4+ 64. Kd3 Qa3+ 65. Kc2 Qc5+ 66. Kb3 Qb5+ 67. Kc2 Qc5+ 68. Kd3 Qa3+ 69. Ke4 Qb4+ 70. Kf3 Qc3+ 71. Ke2 Qc2+ 1/2-1/2

[Event "POL-ch (Women)"]
[Site "Warsaw"]
[Date "1995.??.??"]
[Round "6"]
[White "Zielinska, Jolanta"]
[Black "Leszner, Liliana"]
[Result "0-1"]
[WhiteElo "2175"]
[BlackElo "2205"]
[PlyCount "76"]
[EventDate "1995.??.??"]
[EventType "tourn"]
[EventRounds "13"]
[EventCountry "POL"]
[SourceTitle "EXT 1999"]
[Source "ChessBase"]
[SourceDate "1998.11.16"]
[SourceVersion "1"]
[SourceVersionDate "1998.11.16"]
[SourceQuality "1"]

1. Nf3 g6 2. g3 Bg7 3. Bg2 Nf6 4. 0-0 c5 5. c4 Nc6 6. Nc3 0-0 7. d3 a6 8. Rb1 Rb8 9. a4 b6 10. b3 Bb7 11. Bb2 e6 12. e3 Nb4 13. Ba3 d5 14. Bxb4 cxb4 15. Ne2 Qe7 16. Nd2 Rfd8 17. Qc2 Rbc8 18. Rbd1 Nd7 19. Qb1 Nf6 20. d4 a5 21. Rc1 Ba6 22. Rfe1 e5 23. cxd5 Rxc1 24. Qxc1 Nxd5 25. Nc4 exd4 26. Nxd4 Qc5 27. Bf1 Nc3 28. Nf3 Bb7 29. Nfd2 Qc6 30. f3 Qc5 31. Bg2 Ba6 32. Qc2 b5 33. axb5 Bxb5 34. Ne4 Nxe4 35. Qxe4 a4 36. Bf1 a3 37. Qh4 Re8 38. Kg2 a2 0-1

[Event "POL-ch (Women)"]
[Site "Gdansk"]
[Date "1994.??.??"]
[Round "11"]
[White "Leszner, Liliana"]
[Black "Zielinska, Jolanta"]
[Result "1-0"]
[WhiteElo "2190"]
[BlackElo "2150"]
[PlyCount "111"]
[EventDate "1994.??.??"]
[EventType "tourn"]
[EventRounds "13"]
[EventCountry "POL"]
[SourceTitle "EXT 1997"]
[Source "ChessBase"]
[SourceDate "1996.11.15"]
[SourceVersion "1"]
[SourceVersionDate "1996.11.15"]
[SourceQuality "1"]

1. e4 e5 2. Nf3 Nf6 3. Nxe5 d6 4. Nc4 Nxe4 5. d4 d5 6. Ne3 Be6 7. Nd2 Nxd2 8. Bxd2 Nd7 9. Bd3 Bd6 10. 0-0 Qh4 11. g3 Qxd4 12. Bc3 Qb6 13. Bxg7 Rg8 14. Bh6 0-0-0 15. Qh5 Qxb2 16. Nxd5 Qd4 17. Ne3 Nf6 18. Qf3 Ng4 19. Nxg4 Qxg4 20. Qe3 Kb8 21. Rfb1 Bd5 22. Re1 Bc6 23. Be2 Qh3 24. Bf1 Qh5 25. Bg2 Bxg2 26. Kxg2 Bc5 27. Qf4 Bd6 28. Qf6 Rde8 29. Bf4 Qd5+ 30. Kg1 Bxf4 31. Qxf4 Rxe1+ 32. Rxe1 Qxa2 33. Qe4 Rd8 34. Qxh7 Qd5 35. Re7 Qd1+ 36. Kg2 Qd5+ 37. Qe4 Qxe4+ 38. Rxe4 a5 39. Rf4 Rd7 40. h4 b5 41. h5 Kb7 42. h6 f6 43. Rxf6 a4 44. g4 a3 45. Rf3 b4 46. Rh3 Rd1 47. h7 a2 48. h8Q a1Q 49. Qxa1 Rxa1 50. g5 c5 51. g6 Ra8 52. f4 Kc6 53. f5 Rg8 54. Kf3 Kd5 55. Kf4 c4 56. Kg5 1-0

[Event "POL-ch (Women)"]
[Site "Gdansk"]
[Date "1994.??.??"]
[Round "12"]
[White "Zielinska, Jolanta"]
[Black "Dabrowska, Krystyna"]
[Result "1-0"]
[WhiteElo "2150"]
[BlackElo "2300"]
[PlyCount "121"]
[EventDate "1994.??.??"]
[EventType "tourn"]
[EventRounds "13"]
[EventCountry "POL"]
[SourceTitle "EXT 1997"]
[Source "ChessBase"]
[SourceDate "1996.11.15"]
[SourceVersion "1"]
[SourceVersionDate "1996.11.15"]
[SourceQuality "1"]

1. Nf3 Nf6 2. g3 b6 3. Bg2 Bb7 4. 0-0 e6 5. d3 d5 6. Nbd2 Nbd7 7. c4 Be7 8. b3 0-0 9. Bb2 c5 10. d4 Rc8 11. Rc1 Qc7 12. b4 Qb8 13. bxc5 bxc5 14. Ba3 Rfd8 15. cxd5 Bxd5 16. Nb3 Bf8 17. Nfd2 Bxg2 18. Kxg2 Qb7+ 19. Kg1 Qa6 20. Bxc5 Nxc5 21. dxc5 Ne4 22. Rc2 Nxc5 23. Qc1 Nd7 24. Nf3 Rxc2 25. Qxc2 Rc8 26. Qd2 Nf6 27. Ne5 Qb5 28. Nd3 Qa4 29. Rc1 Rxc1+ 30. Ndxc1 g6 31. Qc3 Ne4 32. Qe3 Be7 33. Qf4 Bg5 34. Qb8+ Kg7 35. Qe5+ Bf6 36. Qa5 Qd7 37. Nd3 Nc3 38. Kf1 Qb7 39. f3 Qd7 40. Kf2 Nd1+ 41. Kf1 Bc3 42. Qc5 Qa4 43. Nf2 Qd7 44. Ne4 Bb2 45. Ke1 f5 46. Ned2 Nc3 47. Qe5+ Kf7 48. Qh8 Qa4 49. Qxh7+ Kf6 50. Kf2 Qxa2 51. Nc5 Nd1+ 52. Ke1 Ke5 53. Nd3+ Kd6 54. Kxd1 Bc3 55. Nc4+ Qxc4 56. Qb7 Qa2 57. Qb8+ Kd5 58. Qb5+ Kd6 59. Qc5+ Kd7 60. Qxc3 a5 61. Ne5+ 1-0

[Event "POL-ch (Women)"]
[Site "Gdansk"]
[Date "1994.??.??"]
[Round "5"]
[White "Zielinska, Jolanta"]
[Black "Lukasiewicz, Anna"]
[Result "0-1"]
[WhiteElo "2150"]
[BlackElo "2170"]
[PlyCount "90"]
[EventDate "1994.??.??"]
[EventType "tourn"]
[EventRounds "13"]
[EventCountry "POL"]
[SourceTitle "EXT 1997"]
[Source "ChessBase"]
[SourceDate "1996.11.15"]
[SourceVersion "1"]
[SourceVersionDate "1996.11.15"]
[SourceQuality "1"]

1. Nf3 d5 2. g3 Nf6 3. Bg2 c6 4. d3 Bf5 5. Nbd2 h6 6. 0-0 e6 7. c4 Be7 8. Qa4 Na6 9. a3 Nc5 10. Qc2 a5 11. b3 0-0 12. Bb2 Na6 13. Rfc1 Bh7 14. Qd1 Nd7 15. d4 Qb8 16. Bc3 b6 17. Qe1 Nf6 18. Ne5 Qb7 19. e4 Rac8 20. Bb2 Rfd8 21. Qe2 Bf8 22. f4 c5 23. exd5 exd5 24. cxd5 Nxd5 25. Ndc4 cxd4 26. Bxd4 Nc5 27. Bxc5 Bxc5+ 28. Kh1 Qe7 29. Ra2 f6 30. Rd2 Nxf4 31. gxf4 fxe5 32. Nxe5 Bf5 33. Rxd8+ Rxd8 34. Rd1 Rxd1+ 35. Qxd1 Bxa3 36. Qd5+ Kh7 37. Be4 g6 38. Bxf5 gxf5 39. Qc6 Bd6 40. Qc2 Qb7+ 41. Kg1 Bc5+ 42. Kf1 Qh1+ 43. Ke2 Qxh2+ 44. Kd1 Qg1+ 45. Ke2 Qf2+ 0-1

[Event "POL-ch (Women)"]
[Site "Gdansk"]
[Date "1994.??.??"]
[Round "1"]
[White "Zielinska, Jolanta"]
[Black "Michna, Marta"]
[Result "1-0"]
[WhiteElo "2150"]
[BlackElo "2170"]
[PlyCount "83"]
[EventDate "1994.??.??"]
[EventType "tourn"]
[EventRounds "13"]
[EventCountry "POL"]
[SourceTitle "EXT 1997"]
[Source "ChessBase"]
[SourceDate "1996.11.15"]
[SourceVersion "1"]
[SourceVersionDate "1996.11.15"]
[SourceQuality "1"]

1. Nf3 Nf6 2. g3 g6 3. Bg2 Bg7 4. 0-0 0-0 5. d3 d6 6. c4 e5 7. Nc3 Nc6 8. Rb1 h6 9. b4 Be6 10. Nd2 Qd7 11. b5 Nd8 12. a4 Bh3 13. Nde4 Bxg2 14. Nxf6+ Bxf6 15. Kxg2 Bg7 16. Nd5 c6 17. bxc6 bxc6 18. Nc3 f5 19. Qb3 Rf7 20. a5 Ne6 21. Ba3 f4 22. Ne4 Bf8 23. Qa2 Nd4 24. f3 Nf5 25. Bc1 Be7 26. a6 h5 27. Rb7 Qe6 28. Bd2 g5 29. Qa4 Nd4 30. e3 d5 31. cxd5 cxd5 32. exd4 dxe4 33. dxe4 exd4 34. Qxd4 Qxa6 35. Rxe7 Rxe7 36. Qd5+ Kh7 37. Qxa8 Qa2 38. Rf2 Qf7 39. Bc3 fxg3 40. hxg3 Rc7 41. Qh8+ Kg6 42. Rd2 1-0

[Event "POL-ch (Women)"]
[Site "Gdansk"]
[Date "1994.??.??"]
[Round "6"]
[White "Zielinska, Jolanta"]
[Black "Sadkiewicz, Joanna"]
[Result "0-1"]
[WhiteElo "2150"]
[BlackElo "2225"]
[PlyCount "66"]
[EventDate "1994.??.??"]
[EventType "tourn"]
[EventRounds "13"]
[EventCountry "POL"]
[SourceTitle "EXT 1997"]
[Source "ChessBase"]
[SourceDate "1996.11.15"]
[SourceVersion "1"]
[SourceVersionDate "1996.11.15"]
[SourceQuality "1"]

1. Nf3 Nf6 2. g3 c5 3. Bg2 Nc6 4. 0-0 d5 5. d4 cxd4 6. Nxd4 Bg4 7. Nxc6 bxc6 8. c4 e6 9. Bg5 Bf5 10. Qa4 Qd7 11. Bxf6 gxf6 12. Nc3 Rb8 13. a3 Bg6 14. e4 d4 15. e5 Rc8 16. Rad1 fxe5 17. b4 Bg7 18. f4 Qc7 19. Ne2 d3 20. Nc3 exf4 21. Ne4 fxg3 22. Rxd3 gxh2+ 23. Kh1 0-0 24. Rh3 Rfd8 25. c5 Be5 26. Qb3 Rd7 27. Qe3 Rcd8 28. Qe2 Rd4 29. Ng5 Rf4 30. Rxf4 Bxf4 31. Ne4 Qe5 32. Qe1 Rd4 33. Qe2 Rxe4 0-1